| 000 | 00507nam a2200217 u 4500 | ||
|---|---|---|---|
| 001 | 37660 | ||
| 005 | 20260504072019.0 | ||
| 008 | 960313s1981 eng | ||
| 035 | _a37660 | ||
| 035 | _a(OCoLC)778086265 | ||
| 040 | _ccomduadb | ||
| 041 | _aeng | ||
| 082 | 4 | _a535 | |
| 100 | 1 | 0 |
_aGhatak, Ajoy _4aut _eaut _9253752 |
| 245 | 1 | 0 | _aOptics |
| 250 | _a01.ED | ||
| 260 |
_aIndia : _bData Mc Graw Hill, _c1981. |
||
| 300 | _a538 páginas | ||
| 650 | 7 |
_aÓptica _2lemb _9671 |
|
| 942 | _cBOOK | ||
| 999 |
_c31069 _d31069 |
||